000 01011nam1a22002411i 4500
001 rc\4925558
005 20260406182959.0
035 _a(NLR Aleph) 008843595
090 _a8357921
_c8357921
100 _a20130426d1963 |||y0rusy50 ca
101 0 _arus
102 _aRU
105 _ay j |||||
200 1 _aУчебное пособие по курсу "Советский Союз"
_eВып. 1
_fУн-т дружбы народов им. Патриса Лумумбы. Кафедра ист.-экон. цикла
210 _aМосква
_cБ. и.
_d1963
215 _d20
300 _aОтпеч. множит. аппаратом
700 1 _aФавстов
_bГ.А.
_gГеоргий Андреевич
712 0 2 _aУниверситет дружбы народов им. Патриса Лумумбы
_cМосква
_bКафедра историко-экон. цикла
_3RU\NLR\AUTH\889948045
_9391706
801 0 _aRU
_bNLR
_gpsbo
801 1 _aRU
_bELAR
_2rusmarc
852 _aNLR
_j64-3/1294
942 _cBOOK